1396 1306 1701 1809 1292 1800 1789 1744 1079 1994 1403 1983 1032 1416 1174 1134 1259 1219 1879 1567 1236 1311 1871 1907 1898 2000 1271 1258 1294 1280 1711 1037 1856 1931 1285 1905 1865 1545 1270 1686 1350 1469 1667 1926 1402 1428 1621 1083 1723 1210 1513 1528 1331 1113 1524 1771 1483 1496 1968 1110 1628 1482 1004 1725 1581 1735 1051 1471 1336 1985 1383 1735 1995 1016 1653 1331 1667 1530 1379 1399 1190 1053 1397 1624 1110 1593 1362 1360 1559 1318 1505 1493 1463 1843 1277 1802 1375 1709 1381 BCNSPRNW ULIB Ver.6.0+V

เปลี่ยนเป็นภาษาไทย

Change to English
 แสดงรายละเอียดบรรณานุกรม
  กลับหน้าหลัก

Brief Record : Get Marc (ISO 2709) : E-mail record : QR code < ปิดหน้าต่าง
LEADER : 00000nam 2200000uu 4500
001    13399121602
003     ULIB
008    121126s2546||||th 000 0 tha d
020    ^a9744151501
060  4 ^aWS462^bอ293ส
100    ^aอมรากุล อินโอชานนท์.
245 1  ^aคู่มือวัยรุ่น เส้นทางรอด...ปลอดยาบ้า^h(จุลสาร) /^cเรียบเรียงโดย อมรากุล อินโอชานนท์ ; ภาพประกอบ จักรพันธุ์ หงษ์สวัสดิ์.
260    ^aกรุงเทพฯ :^bสำนักพัฒนาสุขภาพจิต กรมสุขภาพจิต กระทรวงสาธารณสุข,^c2546.
300    ^a40 หน้า :^bภาพประกอบ ;^c21 ซม.
650  7 ^aยาเสพติดกับเยาวชน^xการป้องกันและควบคุม.
653    ^aจุลสาร.
700 0   ^aจักรพันธุ์ หงษ์สวัสดิ์.
945    ^p0^l0^i13658
945    ^p0^l0^i13659
995    ^a วิภา
999    ^aวิภา
รายการนี้ยังไม่มีแท็ก
คุณยังไม่ได้ล็อกอิน คุณสามารถมีกิจกรรมร่วมกับเว็บไซต์ได้ แต่ต้องล็อกอินก่อน ::
  ล็อกอิน

รายการสื่อสารสนเทศ

ลำดับที่ ประเภท เลขเรียก/บาร์โค้ด สถานที่ สถานะ
1. วิทยาศาสตร์การแพทย์ และสุขภาพ
วิทยาศาสตร์การแพทย์ และสุขภาพ
WS462 อ293ส  
  Barcode: 13658
ห้องสมุดวิทยาเขตสวรรค์ประชารักษ์
►หนังสือทั่วไป
บนชั้น
2. วิทยาศาสตร์การแพทย์ และสุขภาพ
วิทยาศาสตร์การแพทย์ และสุขภาพ
WS462 อ293ส ฉ.2 
  Barcode: 13659
ห้องสมุดวิทยาเขตสวรรค์ประชารักษ์
►หนังสือทั่วไป
บนชั้น

BibComment


ยังไม่เคยถูกคอมเมนท์

คอมเมนท์ทรัพยากรรายการนี้
  คอมเมนท์: คู่มือวัยรุ่น เส..


 Copyright 2026. Bcnsprnw @Library